000
00314nam a22001337a 4500
008
181012b xxu||||| |||| 00| 0 eng d
020
_a
9780781771948
041
_a
eng
080
_a
610
100
_a
4
101
_a
SHM
245
_a
A Manual of Laboratory and Diagnostic Tests
_c
Fischbach, F
942
_2
udc
_c
BK
999
_c
49497
_d
49497